[Event "XV Bancpost"]
[Site "Miercurea Ciuc"]
[Date "2012.08.09"]
[Round "1.1"]
[White "Takacs, Balazs"]
[Black "Oros, Vlad-Dragos"]
[Result "1-0"]
[WhiteElo "2352"]
[BlackElo "1708"]
[PlyCount "53"]
[EventDate "2012.??.??"]

1. e4 c5 2. Ne2 e6 3. Nbc3 Nc6 4. d4 cxd4 5. Nxd4 Qc7 6. g3 a6 7. Bg2 Bb4 8.
O-O Nxd4 9. Qxd4 Bxc3 10. bxc3 e5 11. Qd2 b5 12. Ba3 Bb7 13. Bd6 Qc4 14. Qg5
Qe6 15. Qxg7 Qxd6 16. Qxh8 Qg6 17. Qxe5+ Qe6 18. Qd4 Nf6 19. a4 Kf8 20. axb5
axb5 21. Rxa8+ Bxa8 22. Ra1 Bc6 23. Qc5+ Kg7 24. Qg5+ Kf8 25. e5 Ne4 26. Qf4
Nxc3 27. Qb4+ 1-0

27. Qb4+ 1-0

[Event "XV Bancpost"]
[Site "Miercurea Ciuc"]
[Date "2012.08.09"]
[Round "1.2"]
[White "Benedek, Istvan"]
[Black "Horvath, Imre"]
[Result "1/2-1/2"]
[WhiteElo "1688"]
[BlackElo "2281"]
[PlyCount "102"]
[EventDate "2012.??.??"]

1. e4 c5 2. Nf3 e6 3. d4 cxd4 4. Nxd4 Nf6 5. Nc3 Bb4 6. Bd3 Nc6 7. Nf3 Qc7 8.
Bd2 a6 9. O-O O-O 10. Ne2 Bxd2 11. Qxd2 b5 12. Ng3 Bb7 13. Rfe1 d6 14. Nh4 Ne5
15. f4 Qc5+ 16. Qf2 Qxf2+ 17. Kxf2 Nxd3+ 18. cxd3 Rac8 19. Rac1 d5 20. e5 Ng4+
21. Kg1 d4 22. Ne2 g5 23. Nf3 gxf4 24. Nexd4 Rxc1 25. Rxc1 Rd8 26. h3 Ne3 27.
Ne2 Rxd3 28. Nxf4 Rd1+ 29. Rxd1 Nxd1 30. Nd3 Bd5 31. a3 Bc4 32. Nc5 Nxb2 33.
Nxa6 Nd3 34. Nb4 Nf4 35. g3 Ng6 36. Kf2 Kg7 37. Ke3 f6 38. exf6+ Kxf6 39. h4 h5
40. Nc2 Ne7 41. Nb4 Nf5+ 42. Kf4 Bd5 43. Nc2 Bxf3 44. Kxf3 Ke5 45. g4 Nxh4+ 46.
Kg3 hxg4 47. Kxh4 Kf4 48. Nd4 e5 49. Ne6+ Kf3 50. Ng5+ Kf4 51. Ne6+ Kf3 1/2-1/2

 Kf3 1/2-1/2

[Event "XV Bancpost"]
[Site "Miercurea Ciuc"]
[Date "2012.08.09"]
[Round "1.3"]
[White "Pessi, Emil-George"]
[Black "Baratosi, Iosif-Gavril"]
[Result "1-0"]
[WhiteElo "2237"]
[BlackElo "1677"]
[PlyCount "33"]
[EventDate "2012.??.??"]

1. e4 c5 2. Nc3 Nc6 3. f4 g6 4. Nf3 Bg7 5. Bb5 e6 6. Bxc6 bxc6 7. e5 d5 8. exd6
Qxd6 9. d3 Nf6 10. Be3 Nd5 11. Ne4 Qc7 12. Bxc5 Bxb2 13. O-O Bxa1 14. Qxa1 Rg8
15. c4 Ne7 16. Nf6+ Kf8 17. Ng5 1-0

 17. Ng5 1-0

[Event "XV Bancpost"]
[Site "Miercurea Ciuc"]
[Date "2012.08.09"]
[Round "1.4"]
[White "Fola, Marcel-Dan"]
[Black "Dicu, Razvan-Stefan"]
[Result "0-1"]
[WhiteElo "1671"]
[BlackElo "2217"]
[PlyCount "60"]
[EventDate "2012.??.??"]

1. d4 Nf6 2. c4 e6 3. Nc3 Bb4 4. Qc2 O-O 5. Bg5 b6 6. a3 Bxc3+ 7. Qxc3 Bb7 8.
e3 d6 9. Bxf6 Qxf6 10. Ne2 Nd7 11. f3 a5 12. Ng3 e5 13. O-O-O exd4 14. exd4 d5
15. Bd3 dxc4 16. Bxc4 b5 17. Bd3 b4 18. axb4 axb4 19. Qxb4 Rfb8 20. Qc3 Bd5 21.
Bc4 Nb6 22. Bxd5 Nxd5 23. Qc5 Qh6+ 24. Kb1 Qa6 25. Qxd5 Qa1+ 26. Kc2 Qxb2+ 27.
Kd3 Re8 28. Ne4 Ra3+ 29. Kc4 Qb3+ 30. Kc5 Ra5+ 0-1

Kc5 Ra5+ 0-1

[Event "XV Bancpost"]
[Site "Miercurea Ciuc"]
[Date "2012.08.09"]
[Round "1.5"]
[White "Vasile, Claudiu-Daniel"]
[Black "Ciocanaru, Andrei"]
[Result "1-0"]
[WhiteElo "2099"]
[BlackElo "1670"]
[PlyCount "41"]
[EventDate "2012.??.??"]

1. e4 e6 2. d4 d5 3. Nc3 Nf6 4. Bg5 Be7 5. e5 Nfd7 6. Bxe7 Qxe7 7. f4 O-O 8.
Nf3 b6 9. Nb5 Qd8 10. Bd3 h6 11. O-O a6 12. Na3 b5 13. c3 c5 14. f5 Qb6 15. Kh1
Re8 16. f6 g6 17. Qd2 Kh7 18. Ng5+ hxg5 19. Qxg5 Rh8 20. Rf3 Kg8 21. Bxg6 1-0

21. Bxg6 1-0

[Event "XV Bancpost"]
[Site "Miercurea Ciuc"]
[Date "2012.08.09"]
[Round "1.6"]
[White "Mihaly, Zsolt"]
[Black "Dulman, Egmond-Gabriel"]
[Result "0-1"]
[WhiteElo "1652"]
[BlackElo "2090"]
[PlyCount "78"]
[EventDate "2012.??.??"]

1. e4 c6 2. d4 d5 3. Nc3 dxe4 4. Nxe4 Nf6 5. Ng3 g6 6. Nf3 Bg7 7. Be2 O-O 8.
O-O Qc7 9. Be3 Nd5 10. c4 Nxe3 11. fxe3 c5 12. Rc1 Nc6 13. d5 Ne5 14. Qc2 Bh6
15. Qd2 Ng4 16. Rc3 Qa5 17. Qc1 f5 18. Nh4 Ne5 19. Qb1 e6 20. e4 f4 21. Nh1 Qd8
22. Nf3 Ng4 23. Nf2 Ne3 24. Re1 g5 25. Rxe3 fxe3 26. Ng4 Bg7 27. Bd3 h5 28.
Nxe3 g4 29. Nd2 Qg5 30. Nb3 g3 31. h3 Rf2 32. Nd1 Qf4 33. Rf1 Rxf1+ 34. Bxf1
exd5 35. cxd5 Bd7 36. Qd3 Rf8 37. Nd2 Bd4+ 38. Kh1 Qxd2 39. Qxg3+ Kh8 0-1

xg3+ Kh8 0-1

[Event "XV Bancpost"]
[Site "Miercurea Ciuc"]
[Date "2012.08.09"]
[Round "1.7"]
[White "Ilie, Maria-Ruxandra"]
[Black "Jakab, Nandor"]
[Result "1/2-1/2"]
[WhiteElo "2004"]
[BlackElo "1652"]
[PlyCount "126"]
[EventDate "2012.??.??"]

1. d4 Nf6 2. Nf3 g6 3. c4 d5 4. Nc3 Bg7 5. Bg5 c6 6. e3 O-O 7. h3 Nbd7 8. Rc1
dxc4 9. Bxc4 Nb6 10. Bd3 Bd7 11. O-O Nbd5 12. e4 Nxc3 13. bxc3 Be6 14. a4 Nd7
15. Rb1 Rb8 16. Bf4 Ra8 17. Rxb7 Qa5 18. Rb4 Nb6 19. Ne5 Rfc8 20. Qe1 c5 21.
Rb5 Qxa4 22. dxc5 Nd7 23. Nxd7 Bxd7 24. Rb4 Qa3 25. Qb1 Rxc5 26. c4 Be6 27. Be3
Rc7 28. c5 Ba2 29. Rb8+ Rc8 30. Rxc8+ Rxc8 31. Qb7 Be6 32. Bc4 Re8 33. Bxe6
fxe6 34. Qd7 Kf7 35. c6 Qa6 36. Rd1 Rc8 37. Bg5 Bf6 38. Bxf6 Kxf6 39. e5+ Kf7
40. Rd4 Qxc6 41. Qxa7 Rc7 42. Rf4+ Kg7 43. Qd4 Qc5 44. Qe4 Qc6 45. Qd4 Qc5 46.
Qe4 Qc6 47. h4 Qxe4 48. Rxe4 Rc5 49. Kh2 Rd5 50. Kg3 Rd3+ 51. Kf4 Rd2 52. Ke3
Rd5 53. Kf3 Rd3+ 54. Re3 Rd5 55. Ke4 Rd2 56. Kf3 Rd5 57. g3 Kf7 58. Ke4 Kg7 59.
Rd3 Ra5 60. Rd4 Kf7 61. f3 Ra3 62. g4 Ra1 63. Kf4 Rf1 1/2-1/2

 Rf1 1/2-1/2

[Event "XV Bancpost"]
[Site "Miercurea Ciuc"]
[Date "2012.08.09"]
[Round "1.8"]
[White "Ordog, Akos"]
[Black "Georgescu, Gabriel-Ioan"]
[Result "0-1"]
[WhiteElo "1642"]
[BlackElo "1998"]
[PlyCount "42"]
[EventDate "2012.??.??"]

1. e4 c5 2. Nf3 Nc6 3. d4 cxd4 4. Nxd4 Nf6 5. Nc3 e6 6. Be3 Bb4 7. Nxc6 bxc6 8.
Bd3 d5 9. e5 d4 10. Bxd4 Qxd4 11. exf6 Bxc3+ 12. bxc3 Qxc3+ 13. Kf1 Qxf6 14.
Rb1 O-O 15. g3 e5 16. Kg2 Be6 17. c4 Qh6 18. Re1 Rad8 19. Qc2 Qh5 20. Qc3 Bh3+
21. Kg1 Qf3 0-1

1. Kg1 Qf3 0-1

[Event "XV Bancpost"]
[Site "Miercurea Ciuc"]
[Date "2012.08.09"]
[Round "1.9"]
[White "Voda, Costel"]
[Black "Banzea, Alexandru-Bogdan"]
[Result "1/2-1/2"]
[WhiteElo "1980"]
[BlackElo "1637"]
[PlyCount "43"]
[EventDate "2012.??.??"]

1. e4 c5 2. Nf3 d6 3. c3 Nf6 4. Bc4 g6 5. Qb3 e6 6. d3 Bg7 7. Bb5+ Nbd7 8. Bf4
Qe7 9. Na3 O-O 10. Bxd7 Qxd7 11. O-O-O a6 12. Nc4 e5 13. Nb6 Qg4 14. Bg3 Be6
15. c4 Rab8 16. h3 Qh5 17. Bh4 Bh6+ 18. Kb1 g5 19. g4 Qg6 20. Bg3 Nd7 21. Nd2
Bg7 22. f3 1/2-1/2

. f3 1/2-1/2

[Event "XV Bancpost"]
[Site "Miercurea Ciuc"]
[Date "2012.08.09"]
[Round "1.10"]
[White "Rosca, Grigore"]
[Black "Serbanescu, Diana-Maria"]
[Result "0-1"]
[WhiteElo "1597"]
[BlackElo "1936"]
[PlyCount "60"]
[EventDate "2012.??.??"]

1. e4 e5 2. f4 d5 3. exd5 e4 4. Bb5+ c6 5. dxc6 bxc6 6. Bc4 Nf6 7. c3 Bc5 8. h3
Qb6 9. Ne2 Bf2+ 10. Kf1 O-O 11. b4 Rd8 12. Qb3 Nd5 13. b5 e3 14. d3 Qc7 15.
Bxd5 Rxd5 16. c4 Rf5 17. c5 Rxc5 18. Bb2 cxb5 19. Na3 Bb7 20. Nxb5 Qc6 21. Rh2
Rxb5 22. Qc3 Qxc3 23. Bxc3 Nc6 24. g4 Rb8 25. Nc1 Ba6 26. Nb3 Rd5 27. Nc1 Bxd3+
28. Nxd3 Rxd3 29. Rc1 Nd4 30. Rg2 Rxc3 0-1

g2 Rxc3 0-1

[Event "XV Bancpost"]
[Site "Miercurea Ciuc"]
[Date "2012.08.09"]
[Round "1.11"]
[White "Fugulyan, Grigore"]
[Black "Padurean, Daniel-Cristian"]
[Result "0-1"]
[WhiteElo "1915"]
[BlackElo "1578"]
[PlyCount "58"]
[EventDate "2012.??.??"]

1. e4 e5 2. Nf3 Nc6 3. d4 exd4 4. Nxd4 d6 5. Nc3 Nf6 6. Be2 Be7 7. O-O O-O 8.
Nxc6 bxc6 9. f4 Re8 10. Bd3 Bf8 11. Qf3 Bb7 12. Qh3 Qd7 13. f5 d5 14. Bg5 Nxe4
15. Bxe4 dxe4 16. Rad1 Qc8 17. Qe3 Ba6 18. Rf4 Re5 19. Kh1 f6 20. Nxe4 Qe8 21.
Bh4 Bc4 22. Bxf6 gxf6 23. Nxf6+ Kf7 24. Ne4 Bh6 25. Qh3 Bxf4 26. Qxh7+ Kf8 27.
Rd7 Qxd7 28. Qxd7 Rxe4 29. g3 Bd5 0-1

 g3 Bd5 0-1

[Event "XV Bancpost"]
[Site "Miercurea Ciuc"]
[Date "2012.08.09"]
[Round "1.12"]
[White "Vrencian, Lehel"]
[Black "Benedek, Laszlo"]
[Result "1-0"]
[WhiteElo "1900"]
[BlackElo "1567"]
[PlyCount "53"]
[EventDate "2012.??.??"]

1. e4 e5 2. Nf3 Nc6 3. Bc4 Bc5 4. O-O Nf6 5. d4 Bxd4 6. Nxd4 Nxd4 7. f4 d6 8.
fxe5 dxe5 9. Bg5 Qd6 10. Bxf6 gxf6 11. Na3 Qe7 12. c3 Ne6 13. Kh1 Ng5 14. Qe2
Bd7 15. h4 Ne6 16. Qf2 Nf4 17. g3 Bh3 18. gxf4 Bxf1 19. Rxf1 O-O-O 20. Qxa7 c6
21. Ba6 Qc7 22. Nc4 Qb8 23. Qc5 Qc7 24. fxe5 fxe5 25. Qa7 Qb8 26. Bxb7+ Kc7 27.
Rxf7+ 1-0


Rxf7+ 1-0

[Event "XV Bancpost"]
[Site "Miercurea Ciuc"]
[Date "2012.08.09"]
[Round "1.13"]
[White "Sandor, Tamas"]
[Black "Adam, Andrea"]
[Result "0-1"]
[WhiteElo "1555"]
[BlackElo "1888"]
[PlyCount "92"]
[EventDate "2012.??.??"]

1. e4 e5 2. Nf3 Nc6 3. Bb5 a6 4. Ba4 Nf6 5. d3 d6 6. h3 b5 7. Bb3 Na5 8. O-O
Be7 9. Nc3 O-O 10. Be3 Nxb3 11. axb3 Bb7 12. Qd2 c6 13. Ne2 Qc7 14. Ng3 d5 15.
exd5 Nxd5 16. c3 f5 17. Bg5 Bxg5 18. Qxg5 Bc8 19. Rfe1 f4 20. Nh1 Rf5 21. Qh4
Nf6 22. g4 fxg3 23. Qxg3 Nh5 24. Qg4 Nf4 25. Qg3 c5 26. Re3 Bb7 27. Kh2 Raf8
28. Rae1 Nh5 29. Qg4 e4+ 30. Kg1 exf3 31. Re8 Qf4 32. Rxf8+ Kxf8 33. Qxf4 Nxf4
34. Ng3 Rf7 35. Kh2 Nxd3 36. Rf1 Re7 37. Nf5 Re1 38. Rxe1 Nxe1 39. Kg3 Nd3 40.
Nh4 Nxb2 41. Nxf3 Bxf3 42. Kxf3 a5 43. Ke2 a4 44. bxa4 bxa4 45. Kd2 a3 46. Kc2
Nc4 0-1

c2
Nc4 0-1

[Event "XV Bancpost"]
[Site "Miercurea Ciuc"]
[Date "2012.08.09"]
[Round "1.14"]
[White "Ordog, Robert"]
[Black "Varga, Adrienn"]
[Result "1/2-1/2"]
[WhiteElo "1875"]
[BlackElo "1550"]
[PlyCount "245"]
[EventDate "2012.??.??"]

1. e4 c6 2. c4 d6 3. d4 Nf6 4. Nc3 Bg4 5. Qd3 Nbd7 6. h4 Bh5 7. Nh3 e5 8. f3
exd4 9. Qxd4 h6 10. Bf4 Qb6 11. Qxb6 Nxb6 12. g4 Bg6 13. O-O-O O-O-O 14. Rh2
Ne8 15. Rhd2 Be7 16. h5 Bh7 17. Nf2 Nc7 18. b3 Rd7 19. Bh3 Rhd8 20. g5 Ne6 21.
Bxe6 fxe6 22. gxh6 gxh6 23. Bxh6 Bg8 24. Ng4 Bf7 25. Rh2 Rh8 26. Rdh1 Rxh6 27.
Nxh6 Bg5+ 28. Kc2 Bxh6 29. a4 Rd8 30. Rg2 Nd7 31. Ne2 Nf6 32. Nd4 c5 33. Ne2
Rh8 34. Kd3 Rg8 35. Rxg8+ Nxg8 36. e5 dxe5 37. Ke4 Nf6+ 38. Kxe5 Nxh5 39. Kd6
Bf8+ 40. Ke5 Kc7 41. f4 Bd6+ 42. Ke4 Nf6+ 43. Ke3 a6 44. Rg1 Bh5 45. Rg7+ Kc6
46. Nc3 Ng4+ 47. Kf3 Nh6+ 48. Ke4 Nf5 49. Rg5 Bf7 50. Ne2 Ne7 51. Ke3 Bg6 52.
Kd2 Bf5 53. Ke3 Bc2 54. Nc1 Nf5+ 55. Kf3 Nd4+ 56. Ke3 Nxb3 57. Rg2 Nxc1 58.
Rxc2 Nb3 59. Rf2 Nd4 60. Rb2 b5 61. axb5+ axb5 62. cxb5+ Nxb5 63. Rf2 Nc3 64.
Kd3 Nd5 65. f5 exf5 66. Rxf5 Be7 67. Rf7 Kb5 68. Rf5 Nb4+ 69. Kc3 Bf6+ 70. Kb3
Bg7 71. Rg5 Bd4 72. Rh5 Nd3 73. Rxc5+ Kxc5 74. Kc2 Nf4 75. Kb3 Be5 76. Ka4 Nd3
77. Ka5 Bc3+ 78. Ka6 Kc6 79. Ka7 Ba5 80. Kb8 Nc5 81. Ka7 Bc7 82. Ka8 Bb6 83.
Kb8 Nd7+ 84. Ka8 Bc7 85. Ka7 Nb6 86. Ka6 Bb8 87. Ka5 Nd5 88. Ka6 Nc7+ 89. Ka5
Kc5 90. Ka4 Kc4 91. Ka5 Ba7 92. Ka4 Bb6 93. Ka3 Nd5 94. Ka4 Nc3+ 95. Ka3 Bc5+
96. Kb2 Bd6 97. Kc2 Bf4 98. Kb2 Be3 99. Kc2 Bf4 100. Kb2 Nb5 101. Kc2 Nd4+ 102.
Kd1 Kd3 103. Ke1 Ke3 104. Kf1 Bg3 105. Kg2 Ne2 106. Kh1 Bf2 107. Kg2 Nf4+ 108.
Kh1 Kf3 109. Kh2 Ne2 110. Kh1 Ng3+ 111. Kh2 Be3 112. Kh3 Bg1 113. Kh4 Ne4 114.
Kh5 Kf4 115. Kg6 Ng5 116. Kh5 Bf2 117. Kg6 Bd4 118. Kh5 Nf3 119. Kg6 Ne5+ 120.
Kf6 Ng4+ 121. Ke6 Be5 122. Kd5 Nf6+ 123. Kc6 1/2-1/2

Kc6 1/2-1/2

[Event "XV Bancpost"]
[Site "Miercurea Ciuc"]
[Date "2012.08.09"]
[Round "1.15"]
[White "Bucsoiu, Vlad"]
[Black "Cornea, Alexandru"]
[Result "0-1"]
[WhiteElo "1450"]
[BlackElo "1872"]
[PlyCount "82"]
[EventDate "2012.??.??"]

1. d4 e6 2. c4 b6 3. Nc3 Bb7 4. Nf3 Bb4 5. Qc2 f5 6. Bf4 Nf6 7. a3 Bxc3+ 8.
Qxc3 O-O 9. g3 Ne4 10. Qc2 g5 11. Be3 g4 12. Ne5 Nxg3 13. Rg1 Be4 14. Qd2 Nxf1
15. Rxf1 Qh4 16. Bg5 Qxh2 17. Bh6 Qh5 18. Bxf8 Kxf8 19. O-O-O d6 20. Nd3 Bxd3
21. Qxd3 Nd7 22. Rh1 Qg5+ 23. Kb1 h5 24. Qg3 Nf6 25. f3 f4 26. Qh4 Qf5+ 27. Kc1
Kf7 28. Rhf1 Rg8 29. fxg4 hxg4 30. Qf2 e5 31. dxe5 dxe5 32. Qg2 e4 33. e3 f3
34. Qg3 Qc5 35. Rd4 Ke6 36. Qf4 Qe5 37. Qxe5+ Kxe5 38. Kd1 g3 39. Rd2 Ng4 40.
Rg1 Nxe3+ 41. Ke1 Nxc4 0-1

. Ke1 Nxc4 0-1

[Event "XV Bancpost"]
[Site "Miercurea Ciuc"]
[Date "2012.08.09"]
[Round "1.16"]
[White "Szakats, Istvan"]
[Black "Puscas, Filip-Andrei"]
[Result "1-0"]
[WhiteElo "1845"]
[BlackElo "1401"]
[PlyCount "77"]
[EventDate "2012.??.??"]

1. e4 e5 2. Nf3 Nc6 3. Bb5 Bc5 4. O-O d6 5. d4 exd4 6. Nxd4 Bd7 7. Nxc6 bxc6 8.
Bc4 Nf6 9. Nc3 O-O 10. Qd3 Re8 11. Bg5 Be6 12. Na4 Bxc4 13. Qxc4 Rxe4 14. Qxe4
Nxe4 15. Bxd8 Rxd8 16. Nxc5 Nxc5 17. Rfe1 Ne6 18. Re3 Rb8 19. Rb3 Rb6 20. c3
Nc5 21. Rxb6 cxb6 22. Kf1 f5 23. Ke2 Kf7 24. f3 g5 25. a4 Nb3 26. Ra3 Na5 27.
Kd3 c5 28. b4 cxb4 29. cxb4 Nc6 30. Kc4 Ne5+ 31. Kd5 Ke7 32. Re3 Kd7 33. Rxe5
dxe5 34. Kxe5 f4 35. h4 b5 36. axb5 Kc7 37. hxg5 Kb6 38. Kf6 Kxb5 39. Kg7 1-0

39. Kg7 1-0

[Event "XV Bancpost"]
[Site "Miercurea Ciuc"]
[Date "2012.08.09"]
[Round "2.1"]
[White "Orso, Miklos"]
[Black "Szakats, Istvan"]
[Result "1-0"]
[WhiteElo "2353"]
[BlackElo "1845"]
[PlyCount "65"]
[EventDate "2012.??.??"]

1. e4 d6 2. d4 Nf6 3. Nc3 c6 4. f4 Bg4 5. Qd3 Na6 6. Qg3 h5 7. Bxa6 bxa6 8. Qd3
Bc8 9. Nf3 e6 10. Ng5 Be7 11. O-O Qb6 12. h3 a5 13. Rf2 Ng8 14. Be3 Qa6 15. Qd2
f6 16. Nf3 Bd7 17. Re1 a4 18. Rff1 Bd8 19. Nd1 Ba5 20. c3 Qc4 21. a3 Bc8 22.
Qf2 Qb5 23. Qg3 Qb7 24. f5 e5 25. dxe5 dxe5 26. Nxe5 Bb6 27. Nc4 Bxe3+ 28. Rxe3
Kf8 29. e5 Qc7 30. Nd6 Ba6 31. Rfe1 Rd8 32. Qg6 Rh6 33. exf6 1-0

6 33. exf6 1-0

[Event "XV Bancpost"]
[Site "Miercurea Ciuc"]
[Date "2012.08.09"]
[Round "2.2"]
[White "Adam, Andrea"]
[Black "Takacs, Balazs"]
[Result "0-1"]
[WhiteElo "1888"]
[BlackElo "2352"]
[PlyCount "88"]
[EventDate "2012.??.??"]

1. e4 c5 2. Nf3 d6 3. d4 cxd4 4. Nxd4 Nf6 5. Nc3 a6 6. Be2 e5 7. Nb3 Be7 8. O-O
O-O 9. Be3 b6 10. f4 Nbd7 11. Qe1 Bb7 12. Bd3 b5 13. a3 Rc8 14. Kh1 Re8 15. Qg3
exf4 16. Qxf4 Ne5 17. Nd4 Ng6 18. Qg3 Qc7 19. Nf5 Bf8 20. Nh6+ gxh6 21. Rxf6
Bg7 22. Rf2 d5 23. Qg4 d4 24. Raf1 dxe3 25. Rxf7 Qxf7 26. Rxf7 Kxf7 27. Qd7+
Re7 28. Qf5+ Kg8 29. Nd5 Rf7 30. Qe6 Rcf8 31. Nxe3 Nf4 32. Qb3 Bc8 33. h3 Be6
34. Qb4 Be5 35. Kg1 Bb8 36. Qe1 Ba7 37. Kh2 Rg7 38. Bf1 Bb8 39. Kh1 Nh5 40. Nf5
Bxf5 41. exf5 Ng3+ 42. Kg1 Nxf1 43. Qxf1 Bg3 44. Qf3 Re8 0-1

4. Qf3 Re8 0-1

[Event "XV Bancpost"]
[Site "Miercurea Ciuc"]
[Date "2012.08.09"]
[Round "2.3"]
[White "Cornea, Alexandru"]
[Black "Pessi, Emil-George"]
[Result "1/2-1/2"]
[WhiteElo "1872"]
[BlackElo "2237"]
[PlyCount "105"]
[EventDate "2012.??.??"]

1. c4 e5 2. Nc3 Nf6 3. g3 Bc5 4. Bg2 Nc6 5. e3 O-O 6. Nge2 Re8 7. O-O e4 8. d4
exd3 9. Qxd3 d6 10. a3 Bg4 11. h3 Ne5 12. Qc2 Be6 13. b3 a5 14. Bb2 c6 15. Rad1
Qc8 16. Kh2 h5 17. Na4 Bf5 18. Qc1 Nd3 19. Qa1 Nxb2 20. Qxb2 h4 21. Nxc5 hxg3+
22. Nxg3 dxc5 23. Rfe1 Qc7 24. Kh1 Be4 25. Bxe4 Nxe4 26. Nxe4 Rxe4 27. Rg1 Qe5
28. Qxe5 Rxe5 29. Rd7 b5 30. Rgd1 Ree8 31. Rc7 a4 32. bxa4 b4 33. axb4 cxb4 34.
Rxc6 Reb8 35. c5 Rxa4 36. Rb6 Rc8 37. Rc1 Kf8 38. c6 Ke7 39. Rd1 Rc7 40. Kg2 b3
41. Rxb3 Rc4 42. Rd7+ Rxd7 43. cxd7 Kxd7 44. Rb7+ Ke6 45. f4 g6 46. Kf3 f5 47.
Rb6+ Kf7 48. Rb5 Rc1 49. Rb2 Kg7 50. Re2 Kf6 51. e4 Rf1+ 52. Kg3 fxe4 53. Rxe4
1/2-1/2

 Rxe4
1/2-1/2

[Event "XV Bancpost"]
[Site "Miercurea Ciuc"]
[Date "2012.08.09"]
[Round "2.4"]
[White "Dicu, Razvan-Stefan"]
[Black "Suket, Mate"]
[Result "1-0"]
[WhiteElo "2217"]
[BlackElo "1793"]
[PlyCount "99"]
[EventDate "2012.??.??"]

1. e4 e5 2. Nf3 Nc6 3. d4 d6 4. dxe5 Nxe5 5. Nxe5 dxe5 6. Qxd8+ Kxd8 7. Bc4 Ke8
8. Be3 Nf6 9. f3 Bd6 10. Nc3 a6 11. O-O-O Ke7 12. Bg5 Be6 13. Nd5+ Bxd5 14.
Bxd5 Rab8 15. Bb3 Rhd8 16. Rd3 h6 17. Be3 Nd7 18. Rhd1 f6 19. Rd5 Nb6 20. R5d2
Bb4 21. Rd3 Rxd3 22. cxd3 Nd7 23. d4 Rd8 24. dxe5 Nxe5 25. Rxd8 Kxd8 26. Kc2
Bd6 27. Be6 b6 28. f4 Nd7 29. Bxd7 Kxd7 30. g4 g6 31. h3 Ke7 32. Kd3 Kd7 33.
Ke2 Ke7 34. Kf3 c5 35. h4 h5 36. f5 hxg4+ 37. Kxg4 gxf5+ 38. Kxf5 Be5 39. b3
Kf7 40. h5 Bc3 41. Bf4 b5 42. e5 fxe5 43. Bxe5 b4 44. Ke4 Be1 45. Kd5 Bf2 46.
Bd6 Kg7 47. Bxc5 Be1 48. Be3 a5 49. Kc4 Bg3 50. Kb5 1-0

g3 50. Kb5 1-0

[Event "XV Bancpost"]
[Site "Miercurea Ciuc"]
[Date "2012.08.09"]
[Round "2.5"]
[White "Kiraly, Ferenc"]
[Black "Vasile, Claudiu-Daniel"]
[Result "0-1"]
[WhiteElo "1836"]
[BlackElo "2099"]
[PlyCount "100"]
[EventDate "2012.??.??"]

1. e4 c5 2. Nf3 d6 3. d4 cxd4 4. Qxd4 Nc6 5. Bb5 Bd7 6. Bxc6 Bxc6 7. Bg5 Nf6 8.
Nc3 e6 9. O-O-O Be7 10. Rhe1 O-O 11. Kb1 Qc7 12. Bxf6 gxf6 13. Nd2 b5 14. Re3
Kh8 15. Rh3 Rg8 16. Rg1 Rg7 17. Rg3 Qb6 18. Ne2 Qxd4 19. Nxd4 Bd7 20. Rc3 Bd8
21. Rf3 Rg6 22. Ne2 Bb6 23. Nf4 Rh6 24. h3 Rg8 25. Rf1 e5 26. Nd5 Rxg2 27. Nxf6
Bxh3 28. b3 Rgg6 29. Rh1 Bg2 30. Rxh6 Rxh6 31. Rf5 Ba5 32. c3 Bxc3 33. Kc2 Bxd2
34. Kxd2 Kg7 35. Ng4 Rg6 36. f3 Bxf3 37. Nxe5 dxe5 38. Rxf3 h5 39. Rf5 h4 40.
Rxe5 h3 41. Rh5 Rh6 42. Rg5+ Kf6 43. Rg1 h2 44. Rh1 Kg5 45. Ke3 Kg4 46. Kf2 Kh3
47. Re1 Rf6+ 48. Ke3 Kg2 49. Re2+ Kg1 50. Re1+ Rf1 0-1

. Re1+ Rf1 0-1

[Event "XV Bancpost"]
[Site "Miercurea Ciuc"]
[Date "2012.08.09"]
[Round "2.6"]
[White "Dulman, Egmond-Gabriel"]
[Black "Toth, Botond-Artur"]
[Result "0-1"]
[WhiteElo "2090"]
[BlackElo "1738"]
[PlyCount "116"]
[EventDate "2012.??.??"]

1. d4 Nf6 2. c4 g6 3. Nc3 d5 4. Nf3 Bg7 5. Bf4 c5 6. e3 cxd4 7. exd4 O-O 8. Be2
Nc6 9. O-O a6 10. Ne5 dxc4 11. Nxc6 bxc6 12. Bxc4 Nd5 13. Be3 Nxc3 14. bxc3 Qa5
15. Qf3 Bf5 16. Qxc6 Rac8 17. Qxa6 Qxa6 18. Bxa6 Rxc3 19. a4 Bd3 20. Bxd3 Rxd3
21. Rfd1 Rxd1+ 22. Rxd1 Ra8 23. Ra1 Ra5 24. Kf1 e6 25. Ke2 Kf8 26. Kd3 Ke8 27.
Kc4 Bf8 28. Bd2 Ra8 29. Kb5 Kd7 30. Bf4 Bd6 31. Bxd6 Kxd6 32. Kb6 Rb8+ 33. Ka7
Rb2 34. a5 Rxf2 35. Rb1 Rxg2 36. Kb7 Rxh2 37. Ra1 Rb2+ 38. Kc8 Rc2+ 39. Kd8 Rc7
40. a6 Ra7 41. Kc8 Kc6 42. Kb8 Re7 43. Rb1 Rd7 44. Rb7 Rd8+ 45. Ka7 Rxd4 46.
Rxf7 Rd6 47. Rxh7 Kb5 48. Rg7 Rxa6+ 49. Kb7 Ra1 50. Rxg6 Re1 51. Rg2 Kc5 52.
Kc7 e5 53. Kd7 Kd5 54. Rd2+ Ke4 55. Ke6 Ke3 56. Ra2 e4 57. Kf5 Kf3 58. Ra3+ e3
0-1

. Ra3+ e3
0-1

[Event "XV Bancpost"]
[Site "Miercurea Ciuc"]
[Date "2012.08.09"]
[Round "2.7"]
[White "Georgescu, Gabriel-Ioan"]
[Black "Turcuman, Dragos-Mihai"]
[Result "1/2-1/2"]
[WhiteElo "1998"]
[BlackElo "1569"]
[PlyCount "63"]
[EventDate "2012.??.??"]

1. g4 d5 2. h3 h5 3. g5 e5 4. d4 e4 5. Bf4 Nc6 6. c4 Nge7 7. Nc3 a6 8. e3 Be6
9. Qb3 Rb8 10. h4 f5 11. gxf6 gxf6 12. c5 Bh6 13. Nge2 Qd7 14. O-O-O Bg4 15.
Rd2 Bxe2 16. Nxe2 Ng6 17. Bg3 Nce7 18. Nc3 Qc6 19. Bh3 f5 20. Ne2 Rf8 21. Kb1
f4 22. exf4 Bxf4 23. Nxf4 Nxf4 24. Bxf4 Rxf4 25. Qg3 Qf6 26. a3 Kf7 27. Rdd1
Rg8 28. Qb3 b5 29. cxb6 cxb6 30. Rc1 Qxd4 31. Rhd1 Qf6 32. Rc7 1/2-1/2

2. Rc7 1/2-1/2

[Event "XV Bancpost"]
[Site "Miercurea Ciuc"]
[Date "2012.08.09"]
[Round "2.9"]
[White "Ghinea, Constantin"]
[Black "Vrencian, Lehel"]
[Result "0-1"]
[WhiteElo "1796"]
[BlackElo "1900"]
[PlyCount "70"]
[EventDate "2012.??.??"]

1. e4 c5 2. Nf3 d6 3. d4 cxd4 4. Nxd4 Nf6 5. Nc3 a6 6. Be3 Ng4 7. Bg5 h6 8. Bh4
g5 9. Bg3 Bg7 10. Be2 Ne5 11. O-O Nbc6 12. Nb3 Be6 13. Qd2 Nc4 14. Bxc4 Bxc4
15. Rfe1 Rc8 16. Rad1 Ne5 17. Nd4 Be6 18. Nxe6 fxe6 19. Qe2 O-O 20. Qh5 Qe8 21.
Qe2 Nc4 22. Rb1 Nxb2 23. Nd1 Nxd1 24. Rexd1 b5 25. h4 Rc4 26. hxg5 hxg5 27. Rd3
Qg6 28. f3 Rfc8 29. Rd2 Bd4+ 30. Bf2 Bc3 31. Rd3 Be5 32. Rc1 Qh5 33. g3 Kg7 34.
Kg2 Rh8 35. Qe3 Qh3+ 0-1

. Qe3 Qh3+ 0-1

[Event "XV Bancpost"]
[Site "Miercurea Ciuc"]
[Date "2012.08.09"]
[Round "2.10"]
[White "Padurean, Daniel-Cristian"]
[Black "Ilie, Maria-Ruxandra"]
[Result "0-1"]
[WhiteElo "1578"]
[BlackElo "2004"]
[PlyCount "134"]
[EventDate "2012.??.??"]

1. e4 c5 2. c4 Nc6 3. Nf3 g6 4. d4 cxd4 5. Nxd4 Bg7 6. Nxc6 bxc6 7. Qc2 d6 8.
Bd3 Rb8 9. Nc3 Qb6 10. O-O Nf6 11. b3 Ng4 12. Bb2 Be5 13. h3 Nf6 14. Ne2 Bxb2
15. Qxb2 e5 16. Rad1 O-O 17. Bb1 Ne8 18. Ng3 Be6 19. Qe2 a5 20. Qe3 Qxe3 21.
fxe3 a4 22. Bc2 h5 23. Ne2 h4 24. Nc3 axb3 25. axb3 Ra8 26. Na4 Rb8 27. Rd2 Kg7
28. Nc3 Ra8 29. Na4 f6 30. Ra1 Rf7 31. Bd1 Rfa7 32. Rda2 Nc7 33. Nc3 Rxa2 34.
Rxa2 Rxa2 35. Nxa2 Na6 36. Bc2 Kf7 37. Kf2 Ke7 38. Ke2 c5 39. Nc3 Nb4 40. Bd1
f5 41. Nd5+ Bxd5 42. exd5 e4 43. Kf2 Nd3+ 44. Ke2 Kf6 45. Bc2 Nb4 46. Bb1 Ke5
47. Kf2 g5 48. g3 hxg3+ 49. Kxg3 f4+ 50. Kf2 Na6 51. Bc2 Nc7 52. Bd1 f3 53. Kg3
Ne8 54. h4 gxh4+ 55. Kxh4 Nc7 56. Kg3 Na6 57. Kf2 Nb4 58. Kg3 Kf5 59. Kh3 Nd3
60. Kg3 Ne5 61. Kf2 Ng4+ 62. Ke1 Nxe3 63. Kd2 Nxd1 64. Kxd1 e3 65. Ke1 Ke4 66.
b4 cxb4 67. c5 Kxd5 0-1

7. c5 Kxd5 0-1

[Event "XV Bancpost"]
[Site "Miercurea Ciuc"]
[Date "2012.08.09"]
[Round "2.12"]
[White "Jakab, Nandor"]
[Black "Voda, Costel"]
[Result "0-1"]
[WhiteElo "1652"]
[BlackElo "1980"]
[PlyCount "66"]
[EventDate "2012.??.??"]

1. e4 Nc6 2. Nf3 e5 3. Bb5 a6 4. Ba4 b5 5. Bb3 Na5 6. O-O d6 7. h3 Bb7 8. d3 f6
9. Nc3 Nxb3 10. axb3 Ne7 11. Nh2 g5 12. Be3 h5 13. f3 c5 14. Qd2 Rc8 15. Ne2 d5
16. exd5 Nxd5 17. Bf2 Qd7 18. Rfe1 Kf7 19. Rad1 Be7 20. Bg3 Rcg8 21. Kh1 g4 22.
fxg4 hxg4 23. h4 Qc6 24. Nc3 Nf4 25. Bxf4 exf4 26. Qe2 Bd8 27. Rf1 Rxh4 28.
Rxf4 Rgh8 29. Rxg4 Rxg4 30. Qxg4 Qc7 31. Kg1 Qxh2+ 32. Kf2 Qh4+ 33. Qxh4 Rxh4
0-1

Qxh4 Rxh4
0-1